MARC

LEADER 00000nam0a2200000 4500
001 67742
005 20231101212336.0
035 |a (RuTPU)RU\TPU\book\72134 
090 |a 67742 
100 |a 20040922d1961 km y0rusy50 ca 
101 1 |a rus  |c hun 
102 |a RU 
105 |a a z 000zy 
200 1 |a Вакуумная техника. Свойства стекла и его обработка  |e пер. с венг.  |f Под ред. Р. А. Нилендера 
210 |a Москва  |a Ленинград  |c Госэнергоиздат  |d 1961 
215 |a 159 с.  |c ил. 
320 |a Библиография в конце глав. 
606 1 |a Электровакуумные приборы  |x Детали стеклянные  |x Термическая обработка  |2 stltpush  |3 (RuTPU)RU\TPU\subj\19739  |9 44910 
606 1 |a Стекло  |x Физико-механические свойства  |2 stltpush  |3 (RuTPU)RU\TPU\subj\34585  |9 56499 
610 1 |a вакуумная техника 
610 1 |a стекло 
610 1 |a свойства 
610 1 |a обработка 
610 1 |a физико-механические свойства 
610 1 |a электровакуумные приборы 
610 1 |a детали 
610 1 |a термическая обработка 
675 |a 621.385..03  |v 3 
675 |a 666.11.01  |v 3 
702 1 |a Нилендер  |b Р. А.  |g Роман Алексеевич  |4 340 
801 1 |a RU  |b 63413507  |c 20040922  |g PSBO 
801 2 |a RU  |b 63413507  |c 20170830  |g PSBO 
942 |c BK